Standard American Railway Locomotives - Statistics

General Stats
  • This quiz has been taken 6 times
  • The average score is 8 of 16
Answer Stats
Picture Answer % Correct
EMD SD70
100%
GE ES44AC
100%
EMD SD70ACe
67%
EMD SD70ACe-T4
67%
EMD SD70M
67%
EMD SD70M-2
67%
EMD SD70MAC
67%
EMD SD40E
33%
EMD SD70ACU
33%
EMD SD70I
33%
EMD SD70MACe
33%
EMD SD70MACH
33%
GE ES40DC
33%
GE ES44C4
33%
GE ET44AC
33%
GE ET44AH
33%
No matching quizzes found
Score Distribution
Percent of People with Each Score
Percentile by Number Answered
Your Score History
You have not taken this quiz